| 000 | 00510cam a2200193ua 4500 | ||
|---|---|---|---|
| 020 | _cRs 2628.00 | ||
| 041 |
_aeng _h |
||
| 082 |
_a539.7 _bSUR/PH |
||
| 100 | _aSuresh, Garg . | ||
| 245 |
_aPhysics of nuclear reactors / _cSuresh Garg. _hTextual Documents |
||
| 260 |
_aNew Delhi : _bTata Mc-Graw Hill Publishing Company , _c1986. |
||
| 300 | _a500 ; . | ||
| 365 | _aRs 2628.00 | ||
| 504 | _a | ||
| 700 | 1 | _aFeroz, Ahamed . | |
| 700 | 1 | _aKothari, . | |
| 942 | _cBK | ||
| 999 |
_c1464 _d1464 |
||